Prawe dopływy Odry - nagła śmierć - Statystyki

Ogólne statystyki
  • Ten quiz został rozwiązany 157 razy
    156 od ostatniego zresetowania
  • Średni wynik to 3 z 6
Answers on the Grid
Answers color-coded by a green-red scale on the quiz's grid according to % correct below.
Nysa Kłodzka
Oława
Ślęża
Bystrzyca
Kaczawa
Bóbr
Nysa Łużycka
Mała Panew
Stobrawa
Widawa
Barycz
Warta
Ina
Nida
Kamienna
Pilica
Radomka
Bzura
Wierzyca
Wda
Brda
Raba
Dunajec
San
Wisłoka
Wieprz
Skrwa
Narew
Drwęca
Liwa
Łyna
Pasłęka
 
Statystyki odpowiedzi
Odpowiedź % Poprawnych
Warta
74%
Barycz
50%
Mała Panew
44%
Ina
39%
Widawa
38%
Stobrawa
35%
Nie znaleziono quizów pasujących do podanych kryteriów
Rozkład punktacji
Procent ludzi z każdym wynikiem
Percentyl według liczby udzielonych odpowiedzi
Twoja historia wyników
Nie rozwiązałeś tego quizu od ostatniego zresetowania